000 00542nam a22001817a 4500
005 20251108171959.0
008 250721s1995 xx 000 0 ara d
082 1 4 _a956.08/محم
100 1 _aحموده، محمود عباس
245 1 0 _aالوثائق العثمانية في مصر :
_bزواج - بيع .... /
264 1 _aالقاهرة :
_bمكتبة نهضة الشرق،
_c1995.
300 _a273ص
650 1 7 _aالعثمانيون
650 1 7 _aمصر
650 1 7 _aالتاريخ
942 _2ddc
_cBK
999 _c67465
_d67465